000 01130nam a22002535i 4500
001 153781
003 ES-MaACL
005 20250827062633.0
008 990701s1862 sp |||| | spa d
040 _aCLM
_bspa
_cCCPB | 3D
110 1 _aEspaña
_93622
240 1 0 _aLeyes, etc. sobre desamortización
245 1 0 _aManual de desamortización civil y eclesiástica /
_cpor los directores de la Revista General de Legislación y Jurisprudencia.
250 _a2ª ed.
_bcorr. y considerablemente aum. con las disposiciones legales publicadas hasta fin de 1861 por Jose Reus y Garcia.
260 _aMadrid :
_b[s.n.],
_c1862 (
_fImprenta de la Revista de Legislación, á cargo de Julian Morales)
300 _aVII, 629 p. ;
_c21 cm.
490 1 _aBiblioteca jurídica de la Revista General de Legislación y Jurisprudencia
597 _aAntep.
650 4 _aDesamortización.
_9135908
700 1 _aReus y García, José (
_d1816-1883)
_9131734
830 0 _aBiblioteca jurídica de la Revista General de Legislación y Jurisprudencia
_9182502
852 _aES-MaACL
_jC-2955
_z-- Enc. hol.
999 _c153781
_d153781